| 000 | 00634nam a2200229 a 4500 | ||
|---|---|---|---|
| 999 |
_c588 _d588 |
||
| 008 | 190923r20062012ii ||||g |||| 001 0 eng d | ||
| 020 |
_a9788131501726 _cRs. 350.00 |
||
| 040 |
_aKO _b eng |
||
| 041 | 0 | _aeng | |
| 044 | _aii | ||
| 082 | 0 | 4 |
_223 _a512.5 _bSt816 |
| 100 | 1 | _aStrang, Gilbert | |
| 245 | 1 | 0 |
_aLinear Algebra and Its Applications / _cGilbert Strang |
| 250 | _a4th ed. | ||
| 260 |
_aDelhi : _bCengage Learning India Private Limited, _c2006, reprint 2012 |
||
| 300 |
_aviii, 487 p. ; _c24 cm. |
||
| 650 | 0 |
_a Algebras, Linear _vTextbooks |
|
| 650 | 0 |
_aMatrices _vTextbooks |
|
| 904 | _aS_JOY | ||
| 942 | _cBK | ||